00317nam a22001097a 4500020002200000082001500022100002000037245007800057260004800135300000800183650001600191 a978-1-107-05185-0 a340.59 SAD aSadeghi, Behnam aThe Logic of Law Making in Islam: Women and Prayer in the Legal Tradition aNew DelhibCambridge University Pressc2013 a215 aIslamic Law